Statistics for Frozen - Do you want to build a snowman lyrics

Click here to take the quiz!

General Stats

  • This quiz has been taken 3,216 times
  • The average score is 88 of 166

Answer Stats

Answer% Correct
You
99%
Do
99%
Elsa?
96%
Wanna
95%
Build
95%
A
95%
Snowman?
95%
Come
85%
On
84%
I
83%
Play!
83%
And
83%
Go
83%
You
82%
Let's
82%
See
81%
Anymore,
81%
The
81%
Never
80%
Come
80%
Out
80%
Door,
80%
We
78%
Be
78%
To
78%
Like
78%
Away.
78%
You've
78%
It's
78%
Gone
78%
Used
77%
Best
77%
Buddies,
77%
You
76%
Do
76%
Build
76%
A
76%
Not,
76%
Snowman?
76%
I
76%
We're
76%
Now
76%
Wanna
76%
You
76%
Me
75%
And
75%
Tell
74%
Why!
74%
Wish
74%
Would
73%
It
71%
A
71%
Snowman...
71%
Doesn't
70%
Have
70%
To
70%
Be
70%
You
66%
Snowman?
66%
A
66%
Wanna
66%
Build
66%
Do
66%
Ride
64%
The
64%
Away
64%
Go
64%
Bye.
63%
Bike
63%
Around
63%
Or
63%
Anna.
63%
Okay
63%
I
62%
Our
61%
Halls?
61%
The
58%
The
58%
To
58%
Think
57%
Company
57%
On
57%
Pictures
56%
Talking
56%
Started
56%
Some
56%
Overdue,
56%
Is
56%
I've
55%
Walls!
55%
In
51%
There
51%
Hang
51%
A
50%
It
49%
Lonely,
47%
Little
47%
The
47%
Gets
47%
Joan.
46%
All
46%
These
46%
Empty
46%
Rooms,
46%
By,
46%
Tick
44%
Hours
44%
Watching
44%
Just
44%
I
31%
In
29%
You've
28%
Elsa...
28%
Know
28%
You're
28%
There,
28%
Please
27%
And
27%
A
26%
Build
26%
Wanna
26%
To,
26%
"Have
26%
Been,
26%
Where
26%
Asking
26%
Are
26%
People
26%
For
25%
Say
25%
You
25%
Do
25%
Just
25%
In.
24%
Me
24%
Let
24%
Do?
24%
To
24%
Just
24%
Trying
24%
I'm
24%
Courage,"
24%
They
24%
You
24%
Going
23%
Are
23%
And
23%
Only
23%
Other,
23%
You,
23%
I'm
23%
Right
23%
Out
22%
It's
22%
Here
22%
What
22%
We
22%
We
21%
Me,
21%
Have
21%
Each
21%
Tick-Tock
20%
Tick-Tock
20%
Tick-Tock
19%
Snowman?
19%
Tick-Tock
18%

Score Distribution

Percentile by Number Answered

Percent of People with Each Score

Your Score History

You have not taken this quiz